| Tag |
First Indicator |
Second Indicator |
Subfields |
| LEADER |
00000cam a2200000 4500 |
| 001 |
in00000171521 |
| 005 |
20151008081405.0 |
| 008 |
741121s1968 ne b 00010 eng |
| 010 |
|
|
|a 68017877
|
| 035 |
|
|
|a (OCoLC)01083372
|
| 035 |
|
|
|9 AAT4303AM
|
| 040 |
|
|
|c DLC
|d TOL
|d TXA
|d UtOrBLW
|
| 049 |
|
|
|a TXAM
|
| 050 |
0 |
0 |
|a PN4900.C57
|b F7
|
| 082 |
0 |
|
|a 810/.5
|
| 100 |
1 |
|
|a Free, William J.
|
| 245 |
1 |
4 |
|a The Columbian magazine and American literary nationalism /
|c by William J. Free.
|
| 264 |
|
1 |
|a The Hague ;
|a Paris :
|b Mouton,
|c 1968.
|
| 300 |
|
|
|a 176 pages ;
|c 22 cm.
|
| 336 |
|
|
|a text
|b txt
|2 rdacontent
|
| 337 |
|
|
|a unmediated
|b n
|2 rdamedia
|
| 338 |
|
|
|a volume
|b nc
|2 rdacarrier
|
| 490 |
1 |
|
|a Studies in American literature, v 15
|
| 500 |
|
|
|a Includes bibliographical references and index.
|
| 536 |
|
|
|a From the library of Harrison T. Meserole, 2002.
|
| 630 |
0 |
0 |
|a Columbian magazine.
|
| 650 |
|
0 |
|a American literature
|y Revolutionary period, 1775-1783
|x History and criticism.
|
| 830 |
|
0 |
|a Studies in American literature (Mouton) ;
|v v. 15.
|
| 999 |
|
|
|a MARS
|
| 999 |
f |
f |
|s ec21ff02-e702-3271-a9aa-ceb11d3ba705
|i 72ea23d6-12dc-356b-9afd-9dbd6bc9a33a
|t 0
|
| 952 |
f |
f |
|p ric
|a Texas A&M University
|b Rellis Campus
|c Joint Library Facility
|d Remote Storage
|t 0
|e PN4900.C57 F7
|h Library of Congress classification
|i unmediated -- volume
|m A14830039052
|
| 998 |
f |
f |
|a PN4900.C57 F7
|t 0
|l Remote Storage
|